| 000 | 00443nam a2200157 4500 | ||
|---|---|---|---|
| 001 | 123934 | ||
| 003 | ES-MaACL | ||
| 005 | 20230906192258.0 | ||
| 007 | t| | ||
| 008 | 070214s1969 sp r ||||1| spa d | ||
| 100 | 1 |
_aRamos Lisson, Domingo. _995328 |
|
| 245 | 1 | 3 |
_aEl testimonio de los primeros cristianos / _cDomingo Ramos Lisson. |
| 260 |
_aMadrid : _bRialp, _c1969. |
||
| 300 |
_a212 p. ; _c19 cm. |
||
| 852 |
_aES-MaACL _jC-50908 _bR.71862 |
||
| 999 |
_c123934 _d123934 |
||